Arte contemporáneo argentino : (Record no. 1365)

MARC details
000 -LEADER
campo de control de longitud fija 01365nam a22002297a 4500
008 - DATOS DE LONGITUD FIJA--INFORMACIÓN GENERAL
campo de control de longitud fija 171122s2008 ag||||| |||| 00| 0 spa d
020 ## - NÚMERO INTERNACIONAL ESTÁNDAR DEL LIBRO
Número Internacional Estándar del Libro 9789871274109
082 04 - NÚMERO DE LA CLASIFICACIÓN DECIMAL DEWEY
Número de clasificación 709.82
Número de ítem B436a
100 1# - ENTRADA PRINCIPAL--NOMBRE DE PERSONA
Nombre de persona Bellati, Corina.
9 (RLIN) 6108
245 10 - MENCIÓN DEL TÍTULO
Título Arte contemporáneo argentino :
Resto del título artista por artista /
Mención de responsabilidad, etc. coordinado por Corina Bellati ; curaduría por Rodrigo Alonso, Valeria González y Julio Sánchez.
250 ## - MENCION DE EDICION
Mención de edición 1a edición.
260 ## - PUBLICACIÓN, DISTRIBUCIÓN, ETC.
Lugar de publicación, distribución, etc. Buenos Aires, Argentina :
Nombre del editor, distribuidor, etc. Papers Editores,
Fecha de publicación, distribución, etc. 2008.
300 ## - DESCRIPCIÓN FÍSICA
Extensión 200 páginas :
Otras características físicas ilustraciones en color.
500 ## - NOTA GENERAL
Nota general Artistas: Leandro Erlich, Esteban Pastorino, Mariana López, Sebastián Díaz Morales, Daniel Joglar, Rosa Chancho, Tomás Saraceno, Luis Terán, Juliana Iriart, Osías Yanov, Miguel Mitlag, Alessandra Sanguinetti, Diego Perrota, Ignacio Lasparra, Fabian Bercic, Lorena Guzmán, Gabriel Baggio, Tomás Espina, Patricio Larrambebere, Elisa Strada, Nicolás Trombetta, Mauro Giaconi, Gabriel Grün, Guillermo Srodek Hart, Mariano Vilela, Gabriela Golder, Nicolás Varchausky, Eduardo Tomás Basualdo, Favia Da Rin y Luz Lindner.
653 10 - TÉRMINO DE INDIZACIÓN--NO CONTROLADO
Término no controlado Arte contemporáneo
653 10 - TÉRMINO DE INDIZACIÓN--NO CONTROLADO
Término no controlado Arte - Argentina
653 10 - TÉRMINO DE INDIZACIÓN--NO CONTROLADO
Término no controlado Artistas visuales
653 10 - TÉRMINO DE INDIZACIÓN--NO CONTROLADO
Término no controlado Arte latinoamericano
700 1# - ENTRADA AGREGADA--NOMBRE PERSONAL
Nombre de persona Alonso, Rodrigo.
Término indicativo de función/relación curador.
9 (RLIN) 4644
700 1# - ENTRADA AGREGADA--NOMBRE PERSONAL
Nombre de persona González, Valeria.
Término indicativo de función/relación curadora.
9 (RLIN) 6109
700 1# - ENTRADA AGREGADA--NOMBRE PERSONAL
Nombre de persona Sánchez, Julio.
Término indicativo de función/relación curador.
9 (RLIN) 6110
Holdings
Estatus retirado Estado de pérdida Fuente del sistema de clasificación o colocación Estado de daño No para préstamo Biblioteca de origen Biblioteca actual Ubicación en estantería Fecha de adquisición Total de préstamos Signatura topográfica completa Código de barras Visto por última vez Precio de reemplazo Tipo de ítem Koha
    Clasificación Decimal Dewey     Biblioteca LadoV Biblioteca LadoV   22/11/2017   709.82 B436a 001260 22/11/2017 22/11/2017 Material 01